Алгоритмы и программы рекуррентного оценивания статистических характеристик случайных сигналов в системах реального времени: автореферат диссертации на соискание ученой степени кандидата технических наук; спец. 05.13.18

Bibliografiske detaljer
Hovedforfatter: Шумаков Е. В. Егор Владимирович
Institution som forfatter: Томский государственный университет систем управления и радиоэлектроники (ТУСУР)
Andre forfattere: Светлаков А. А. Анатолий Антонович (научный руководитель)
Summary:Защита сост. 19.03.2009 г.
Sprog:russisk
Udgivet: Томск, 2009
Fag:
Format: MixedMaterials Bog
KOHA link:https://koha.lib.tpu.ru/cgi-bin/koha/opac-detail.pl?biblionumber=164911

MARC

LEADER 00000nam0a2200000 4500
001 164911
005 20231101222521.0
035 |a (RuTPU)RU\TPU\book\178907 
090 |a 164911 
100 |a 20090911d2009 k y0rusy50 ca 
101 0 |a rus 
102 |a RU 
105 |a a dm 001zy 
200 1 |a Алгоритмы и программы рекуррентного оценивания статистических характеристик случайных сигналов в системах реального времени  |e автореферат диссертации на соискание ученой степени кандидата технических наук  |e спец. 05.13.18  |f Е. В. Шумаков  |g Томский государственный университет систем управления и радиоэлектроники (ТУСУР) ; науч. рук. А. А. Светлаков 
210 |a Томск  |d 2009 
215 |a 22 с.  |c ил. 
300 |a Защита сост. 19.03.2009 г. 
320 |a Библиогр.: с. 21-22 (9 назв.). 
606 1 |a Вычислительные системы реального времени  |x Математическое моделирование  |2 stltpush  |3 (RuTPU)RU\TPU\subj\4411  |9 32689 
610 1 |a вычислительные системы 
610 1 |a дисперсия 
610 1 |a математическое ожидание 
610 1 |a доверительные интервалы 
610 1 |a построение 
610 1 |a алгоритмы 
610 1 |a разностные уравнения 
610 1 |a квантили 
610 1 |a вычисление 
610 1 |a рекуррентные алгоритмы 
610 1 |a авторефераты диссертаций 
675 |a 681.324.014(04)  |v 3 
686 |a 05.13.18  |2 oksvnk 
700 1 |a Шумаков  |b Е. В.  |g Егор Владимирович 
702 1 |a Светлаков  |b А. А.  |g Анатолий Антонович  |4 727 
712 0 2 |a Томский государственный университет систем управления и радиоэлектроники (ТУСУР)  |c (1997 - )  |2 stltpush  |3 (RuTPU)RU\TPU\col\422 
801 1 |a RU  |b 63413507  |c 20090911 
801 2 |a RU  |b 63413507  |c 20091010  |g RCR 
942 |c BK